Sports Quiz

Random Sports or NFL Quiz

NFL Rushing Leaders by Team Quiz Stats

 Plays Quiz Updated Jan 4, 2019

Score 0/32 Timer 06:00
3 Plays Today
Team Player % Correct
Dallas CowboysEmmitt Smith
94.1%
Minnesota VikingsAdrian Peterson
90%
Detroit LionsBarry Sanders
89.7%
Chicago BearsWalter Payton
86.1%
Los Angeles ChargersLaDainian Tomlinson
85.6%
Houston TexansArian Foster
81.9%
Cleveland BrownsJim Brown
81.9%
Indianapolis ColtsEdgerrin James
80.5%
Denver BroncosTerrell Davis
75.3%
Seattle SeahawksShaun Alexander
73.5%
Jacksonville JaguarsFred Taylor
73.4%
Baltimore RavensJamal Lewis
72.6%
Tennessee TitansEddie George
72.5%
New York JetsCurtis Martin
70.4%
Green Bay PackersAhman Green
70%
New York GiantsTiki Barber
69.5%
Team Player % Correct
Kansas City ChiefsJamaal Charles
67.4%
Buffalo BillsThurman Thomas
65.6%
Pittsburgh SteelersFranco Harris
62.8%
Carolina PanthersJonathan Stewart
58.9%
Los Angeles RamsSteven Jackson
56.6%
Cincinnati BengalsCorey Dillon
55.5%
Oakland RaidersMarcus Allen
53%
Arizona CardinalsOttis Anderson
50.9%
New Orleans SaintsDeuce McAllister
48.5%
Washington RedskinsJohn Riggins
44.1%
Miami DolphinsLarry Csonka
39.1%
San Francisco 49ersFrank Gore
25.3%
Philadelphia EaglesLeSean McCoy
18.1%
Atlanta FalconsGerald Riggs
12.6%
New England PatriotsSam Cunningham
11%
Tampa Bay BuccaneersJames Wilder
8.5%

You're not logged in!

Compare scores with friends on all Sporcle quizzes.
OR
Log In

Sporcle TV

Today on Sporcle TV


Watch our educational content, quiz creation guides, and fun videos on Sporcle TV.

Show Comments

Extras

Top Quizzes Today


Score Distribution

Your Account Isn't Verified!

In order to create a playlist on Sporcle, you need to verify the email address you used during registration. Go to your Sporcle Settings to finish the process.

Report this User

Report this user for behavior that violates our Community Guidelines.

Details: